LIBRARY & INFORMATION CENTRE, KCAET, TAVANUR

ONLINE PUBLIC ACCESS CATALOGUE (OPAC)

Kalyani (Record no. 12234)

MARC details
000 -LEADER
fixed length control field 00310cam a2200145ua 4500
041 ## - LANGUAGE CODE
Language code of text/sound track or separate title hin
082 ## - DEWEY DECIMAL CLASSIFICATION NUMBER
Classification number 891.43
Item number JAI/KA
100 ## - MAIN ENTRY--AUTHOR NAME
Personal name Jainedra Kumar, .
245 ## - TITLE STATEMENT
Title Kalyani
260 ## - PUBLICATION, DISTRIBUTION, ETC. (IMPRINT)
Place of publication Delhi :
Name of publisher Rajkamal Prakashan ,
Year of publication 1961.
300 ## - PHYSICAL DESCRIPTION
Number of Pages 158 ; .
942 ## - ADDED ENTRY ELEMENTS (KOHA)
Koha item type Books
Holdings
Withdrawn status Lost status Damaged status Home library Current library Date acquired Full call number Accession Number Koha item type
Withdrawn     KAUAET Sanskrit University 07/04/2012 891.43 1966 Books
free website counter